Κατάλογος Βιβλιοθηκών Mediterranean College

Οι Φιλόσοφοι του Οικονομικού Κόσμου / Η Ζωή, οι Καιροί και οι Ιδεές των Μεγάλων Οικονομολόγων: Έβδομη Αγγλική Έκδοση (Record no. 2846)

MARC details
000 -LEADER
fixed length control field 01906cam a22002054a 4500
005 - ΗΜΕΡΟΜΗΝΙΑ ΚΑΙ ΩΡΑ ΤΕΛΕΥΤΑΙΑΣ ΕΝΗΜΕΡΩΣΗΣ
Πεδίο ελέγχου 20250605164055.0
008 - FIXED-LENGTH DATA ELEMENTS--GENERAL INFORMATION
Πεδίο ελέγχου σταθερού μήκους 250528s ||||||||||||||||||||||||d
035 ## - SYSTEM CONTROL NUMBER
System control number 17425
020 ## - ISBN
ISBN 9602181907
040 ## - ΠΗΓΗ ΚΑΤΑΛΟΓΟΓΡΑΦΗΣΗΣ
Φορέας πρωτότυπης καταλογογράφησης MC Athens Campus Library
Γλώσσα καταλογογράφησης Ελληνικά, Μοντέρνα (1453-)
Modifying agency MC Athens Campus Library
Κανόνες περιγραφικής καταλογογράφησης AACR2
245 1# - ΤΙΤΛΟΣ ΚΑΙ ΔΗΛΩΣΗ ΥΠΕΥΘΥΝΟΤΗΤΑΣ
Τίτλος Οι Φιλόσοφοι του Οικονομικού Κόσμου / Η Ζωή, οι Καιροί και οι Ιδεές των Μεγάλων Οικονομολόγων: Έβδομη Αγγλική Έκδοση
250 ## - EDITION STATEMENT
Edition statement
260 ## - PUBLICATION, DISTRIBUTION, ETC.
Name of publisher, distributor, etc. Εκδόσεις Κριτική - Επιστημονική Βιβλιοθήκη,
Date of publication, distribution, etc. 2000
300 ## - PHYSICAL DESCRIPTION
Extent 480
520 ## - SUMMARY, ETC.
Summary, etc. Το θέμα του βιβλίου είναι το κοινό ενδιαφέρον των μεγάλων της οικονομικής σκέψης: η προσπάθεια κατανόησης του τρόπου λειτουργίας μιας καπιταλιστικής κοινωνίας. Πρόλογος, Εισαγωγή, Η Οικονομική Επανάσταση, Ο Υπέροχος Κόσμος του Άνταμ Σμιθ, Τα Άσχημα Προαισθήματα του Τόμας Μάλθους και του Ντέιβιντ Ρικάρντο, Τα Όνειρα των Ουτοπικών Σοσιαλιστών, Το Αμειλικτό Σύστημα του Κάρλ Μάρξ, Ο Βικτοριανός Κόσμος και ο Υπόκοσμος των Οικονομικών, Η Πρωτόγονη Κοινωνία του Θόρσταϊν Βέμπλεν, Οι Αιρετικές Απόψεις του Τζον Μέϊναρντ Κέϊνσ, Οι Αντιφάσεις του Γιοζέφ Σουμπέτερ, Το Τέλος της Φιλοσοφίας του Οικονομικού Κόσμου, Προτεινόμενοι Τίτλοι, Σημειώσεις.
700 1# - ΠΡΟΣΘΕΤΗ ΑΝΑΓΡΑΦΗ--ΦΥΣΙΚΟ ΠΡΟΣΩΠΟ
Personal name Heilbroner Robert L
9 (RLIN) 3410
942 ## - ADDED ENTRY ELEMENTS (KOHA)
Koha item type Books
Holdings
Τύπος τεκμηρίου Βιβλιοθήκη Τρέχουσα τοποθεσία Barcode Αριθμός εισαγωγής Ημερομηνία απόκτησης Ταξιθετικό σύμβολο Αριθμός αντιτύπου Κατάσταση απόσυρσης Κατάσταση χαμένου Κατάσταση κατεστραμμένου Μη δανεισμός Σύνολο δανεισμών Σύνολο ανανεώσεων Ημερομηνία τελευταίας εμφάνισης Χρονολογία τελευταίου δανεισμού Η τιμή ισχύει από
Books MC Athens Campus Library MC Athens Campus Library 9780000028457 5667 05/06/2025 330.109 2 HEI 1         1 2 26/01/2026 22/12/2025 05/06/2025

MC Athens Campus Library
Πατησίων 94 & Κοδριγκτώνος 13, 104 34
Πελλήνης 8 & Πατησίων 107, 112 51
Τ: +30 210 8899600

MC Thessaloniki Campus Library
Ίωνος Δραγούμη 21, 54625 | Ίωνος Δραγούμη 15, 54625
Τ: +30 2310 287779 – Τ: +30 2314 440300